00423nam a2200157Ia 4500003000400000008004100004040001600045082001300061100002000074245004700094260005200141300001000193490002500203650001500228650002200243GCL140319s9999 xx 000 0 eng d aGCL / cGCL04a843bD D1 aDESCARTES, RENE10aDISCOURS DE LA METBODE / cDESCARTES, RENE a[S.N] : bLIBRAIRE GENERALE FRANCAISE ، c1973 a228 P aLE LIVRE DE POCHEv004aLITERATURE04aFRENCH LITERATURE